000 00537nam a22001937a 4500
003 NUST - PNEC
005 20170116180754.0
008 150317b xxu||||| |||| 00| 0 eng d
020 _a8170353572 (Set)
020 _a8170353602 (Vol.3)
040 _cLIBRARY
082 _a333.79 SIN
100 _91876
_a Singh Mandip
245 _aInternational Encyclopaedia of Energy Resources Vol.3
_c Mandip Singh
260 _aDelhi
_b Daya Publishing House
_cc2005.
300 _a1082 p. :
650 _91877
_aEnergy
_xME
942 _2ddc
_cBK
999 _c62641
_d62641